Public-Key Cryptography-PKC 2014 : 17th International Conference on Practice and Theory in Public-Key Cryptography. Buenos Aires, March 26-28, 2014, Proceedings

Gespeichert in:
Bibliographische Detailangaben
Weitere Verfasser: Krawczyk, Hugo (Herausgegeben von)
Format: Buch
Sprache:Englisch
Veröffentlicht: Berlin : Springer Verlag, 2014
Tags: Tag hinzufügen
Keine Tags, Fügen Sie das erste Tag hinzu!

MARC

LEADER 00000nam a22000003a 4500
001 stu301733
005 20150617230326.7
008 150204s--------gw------------------eng-d
020 |a 978-3-642-54630-3 
040 |a STU  |b slo 
041 0 |a eng 
044 |a gw 
080 |a 004.056.53 
080 |a 519.72 
100 1 |a Krawczyk, Hugo  |4 edt 
245 1 |a Public-Key Cryptography-PKC 2014 :  |b 17th International Conference on Practice and Theory in Public-Key Cryptography. Buenos Aires, March 26-28, 2014, Proceedings 
260 |a Berlin :  |b Springer Verlag,  |c 2014 
300 |a 686 s. 
996 |b 284EK89453  |c E*89453  |l EE35  |s P  |a 0  |w stu301733_0001